000 00849nam a22002297a 4500
005 20240530110951.0
008 221204s2009 au a f b 000 0 eng d
017 _a2008/10410
_bمصر. دار الكتب
020 _a9772121468
040 _aEG-CaGPL
_cEG-CaGPL
082 0 4 _221
_a612
_bح ع
100 0 _aحياة السودان ابراهيم عثمان
245 1 0 _aالفسيولوجيا علم وظائف الاعضاء العام/
_cتأليف حياة السودان ابراهيم عثمان
250 _aط.1
260 _aالاسكندرية :
_bمؤسسة شباب الجامعة ،
_c2009
300 _a431 ص. ؛
_c24 سم.
650 0 7 _2qrmak
_aجسم الانسان
651 _2qrmak
700 _aحياة السودان ابراهيم عثمان
942 _2ddc
_cBK
999 _c67001
_d67001